Open Data Biblioteca Nacional de Portugal


República Portuguesa: Ministério da Cultura
Biblioteca Nacional de Portugal

Catálogo da BNP: acesso por Identificadores Unívocos
Registos Bibliográficos associados ao registo de autoridade

Etiqueta de registo: 00254nam 2200025 450
001 2287297
003 http://id.bnportugal.gov.pt/bib/catbnp/2287297
010 ## $a978-989-783-698-5
021 ## $aPT$b563969/26
100 ## $a20260601d2026 m y0pory01030103ba
101 1# $apor$ceng
102 ## $aPT
105 ## $ay z 000yy
106 ## $ar
200 1# $a O império da IA$e a openAI de Sam Altman, entre o sonho e o pesadelo$fKaren Hao$gtrad. João Paulo Moreira
210 #9 $aLisboa$cRelógio D'Água,$d2026
215 ## $a518 p.$d23 cm
304 ## $aTít. orig.: Empire of IA : dreams and nighmares in Sam Altman's openAI
532 12 $a O império da Inteligência Artificial
700 #1 $aHao,$bKaren$31999762
702 #1 $aMoreira,$bJoão Paulo,$f1954-$4730$396044
801 #0 $aPT$bBN$gRPC
966 ## $lBN$mFGMON$x1
966 ## $lBN$mFGMON$x1
971 ## $cisantos$d20260601

OpendataBNP@bnportugal.pt | Mais informação sobre acesso aos dados BNP